书目信息 |
| 题名: |
画说情歌
|
|
| 作者: | 刘学伦 画 | |
| 分册: | ||
| 出版信息: | 北京 中国对外翻译出版公司 1999.12 |
|
| 页数: | 276页 | |
| 开本: | 32开 | |
| 丛书名: | ||
| 单 册: | ||
| 中图分类: | I277.2 | |
| 科图分类: | ||
| 主题词: | 民间文学--中国 | |
| 电子资源: | ||
| ISBN: | 7-5001-0663-7 | |
| 000 | 00521nam0 2200181 45 | |
| 001 | 0007170486 | |
| 005 | 20080401100440.93 | |
| 010 | @a7-5001-0663-7@d22.00元 | |
| 100 | @a20000717d1999 km y0chiy0120 ea | |
| 101 | 0 | @achi |
| 200 | 1 | @a画说情歌@AHua Shuo Qing Ge@f刘学伦画;李迪采辑@FLiu Xue Lun Hua;Li Di Cai Ji |
| 210 | @a北京@c中国对外翻译出版公司@d1999.12 | |
| 215 | @a276页@d32开 | |
| 606 | 0 | @a民间文学@x中国 |
| 690 | @aI277.2@v3 | |
| 701 | 0 | @a刘学伦@4画 |
| 801 | @aCN@c20080401 | |
| 905 | @b73118-122@dI277.2@eL690@f5 | |
| 画说情歌/刘学伦画;李迪采辑.-北京:中国对外翻译出版公司,1999.12 |
| 276页;32开 |
| ISBN 7-5001-0663-7:22.00元 |
| ● |
| 相关链接 |
|
|
|
正题名:画说情歌
索取号:I277.2/L690
 
预约/预借
| 序号 | 登录号 | 条形码 | 馆藏地/架位号 | 状态 | 备注 |
| 1 | 451119 | 204511199 | 社科二线400B/116文学库 12排5列3层/ [索取号:I277.2/L690] | 在馆 | |
| 2 | 73118 | 200731182 | 社科二线400B/400B社科库 24排2列5层/ [索取号:I277.2/L690] | 在馆 | |
| 3 | 73119 | 200731191 | 社科二线422/422社科库 26排22列1层/ [索取号:I277.2/L690] | 在馆 | |
| 4 | 73120 | 200731208 | 社科二线400B/116文学库 12排5列3层/ [索取号:I277.2/L690] | 在馆 | |
| 5 | 73121 | 200731217 | 文学库116/ [索取号:I277.2/L690] | 在馆 | |
| 6 | 73122 | 200731226 | 社科二线422/422社科库 26排22列1层/ [索取号:I277.2/L690] | 在馆 |